| 000 | 00518nam a2200157Ia 4500 | ||
|---|---|---|---|
| 001 | 10783 | ||
| 003 | GE_BSU | ||
| 008 | 181216s||||||||xx |||||||||||||| ||und|| | ||
| 040 | _cGE_BSU | ||
| 100 | _aქარჩხაძე,ჯემალ. | ||
| 245 | _aმდგმური. | ||
| 245 | _bრომანი;მოთხრობები. | ||
| 245 | _cრედ:შაიშმელაშვილი; მხატვ:ო.ჯიშკარკარიანი. | ||
| 653 | _aმდგმური. | ||
| 942 | _cBK | ||
| 999 |
_c44032 _d44032 |
||